[Event "Maia op 7th"]
[Site "Maia"]
[Date "2023.08.30"]
[Round "6"]
[White "Verstraeten, Reinaert"]
[Black "Ma, Ling"]
[Result "1/2-1/2"]
[WhiteElo "2388"]
[BlackElo "2211"]
[PlyCount "86"]
[EventDate "2023.08.25"]
[EventType "swiss"]
[EventRounds "9"]
[EventCountry "POR"]
[SourceTitle "EXT 2024"]
[Source "ChessBase"]
[SourceDate "2023.10.10"]
[SourceVersion "1"]
[SourceVersionDate "2023.10.10"]
[SourceQuality "1"]

1. d4 d5 2. c4 dxc4 3. e4 c5 4. d5 e6 5. Bxc4 Nf6 6. Nc3 exd5 7. Nxd5 Nxd5 8. Bxd5 Be7 9. Ne2 0-0 10. 0-0 Na6 11. Bf4 Nb4 12. Nc3 Bf6 13. Bd6 Be7 14. e5 Bxd6 15. exd6 Qf6 16. Re1 Bf5 17. Bxb7 Rad8 18. Nd5 Nxd5 19. Qxd5 Qxb2 20. Qxf5 Qxb7 21. Qxc5 Qb6 22. Qxb6 axb6 23. Rad1 Rd7 24. Re4 Rc8 25. Kf1 f6 26. f4 Rc6 27. Red4 Kf7 28. f5 g6 29. g4 Rc5 30. Rd5 Rxd5 31. Rxd5 gxf5 32. gxf5 Ke8 33. Rd3 Ra7 34. Re3+ Kd8 35. Re6 Rxa2 36. Kg1 Kd7 37. Rxf6 b5 38. Rh6 b4 39. Rxh7+ Kxd6 40. Rb7 Ke5 41. Rb5+ Kf6 42. h4 b3 43. Rxb3 Kxf5 1/2-1/2

[Event "Maia op 7th"]
[Site "Maia"]
[Date "2023.08.28"]
[Round "4"]
[White "Verstraeten, Reinaert"]
[Black "Postny, Evgeny"]
[Result "1/2-1/2"]
[WhiteElo "2388"]
[BlackElo "2570"]
[PlyCount "52"]
[EventDate "2023.08.25"]
[EventType "swiss"]
[EventRounds "9"]
[EventCountry "POR"]
[SourceTitle "EXT 2024"]
[Source "ChessBase"]
[SourceDate "2023.10.10"]
[SourceVersion "1"]
[SourceVersionDate "2023.10.10"]
[SourceQuality "1"]

1. d4 Nf6 2. c4 e6 3. Nf3 d5 4. g3 dxc4 5. Bg2 a6 6. 0-0 Nc6 7. Qd2 Bb4 8. Qc2 b5 9. b3 Bb7 10. bxc4 Nxd4 11. Nxd4 Bxg2 12. Nxe6 fxe6 13. Kxg2 0-0 14. Nd2 Qe8 15. Nf3 Bd6 16. Bb2 Qh5 17. Rac1 Rab8 18. Rfd1 Ng4 19. c5 Rxf3 20. exf3 Qxh2+ 21. Kf1 Rf8 22. fxg4 Qh1+ 23. Ke2 Qf3+ 24. Ke1 Qh1+ 25. Ke2 Qf3+ 26. Ke1 Qh1+ 1/2-1/2

[Event "NED-chT 2223"]
[Site "Netherlands"]
[Date "2023.03.11"]
[Round "7.7"]
[White "Verstraeten, Reinaert"]
[Black "Rijnaarts, Sjef"]
[Result "1-0"]
[WhiteElo "2388"]
[BlackElo "2293"]
[PlyCount "67"]
[EventDate "2022.09.17"]
[EventType "team-tourn"]
[EventRounds "9"]
[EventCountry "NED"]
[SourceTitle "CBM 213 Extra"]
[Source "ChessBase"]
[SourceDate "2023.05.31"]
[SourceVersion "1"]
[SourceVersionDate "2023.05.31"]
[SourceQuality "1"]
[WhiteTeam "Sas van Gent"]
[BlackTeam "Apeldoorn Amevo"]
[WhiteTeamCountry "NED"]
[BlackTeamCountry "NED"]

1. d4 d5 2. c4 c6 3. Nf3 Nf6 4. e3 Bf5 5. Nc3 e6 6. Nh4 Be4 7. f3 Bg6 8. Qb3 Qc7 9. Bd2 Be7 10. cxd5 cxd5 11. Nxg6 hxg6 12. 0-0-0 Nc6 13. Kb1 0-0 14. Rc1 a6 15. Qd1 b5 16. g4 Qb6 17. h4 Na5 18. h5 g5 19. Rc2 Rfc8 20. Bd3 Nc4 21. Bc1 a5 22. f4 Nh7 23. f5 Bf8 24. fxe6 fxe6 25. e4 b4 26. Na4 Qd8 27. e5 Rab8 28. Rf2 Qe8 29. Ka1 Nxe5 30. dxe5 Rxc1+ 31. Qxc1 Qxa4 32. Bxh7+ Kxh7 33. h6 gxh6 34. Qc7+ 1-0

[Event "Badalona op 46th"]
[Site "Badalona"]
[Date "2022.08.03"]
[Round "2"]
[White "Verstraeten, Reinaert"]
[Black "Deodhar, Vrushali Umesh"]
[Result "1-0"]
[WhiteElo "2396"]
[BlackElo "2101"]
[PlyCount "73"]
[EventDate "2022.08.02"]
[EventType "swiss"]
[EventRounds "9"]
[EventCountry "ESP"]
[SourceTitle "CBM 209 Extra"]
[Source "ChessBase"]
[SourceDate "2022.09.30"]
[SourceVersion "1"]
[SourceVersionDate "2022.09.30"]
[SourceQuality "1"]

1. d4 d5 2. c4 c6 3. Nf3 Nf6 4. e3 Bf5 5. Nc3 e6 6. Nh4 Be4 7. f3 Bg6 8. Bd2 Nbd7 9. Qb3 Qc7 10. cxd5 exd5 11. e4 dxe4 12. Nxg6 hxg6 13. fxe4 Nb6 14. e5 Nfd5 15. a4 a5 16. Nxd5 Nxd5 17. Bc4 0-0-0 18. 0-0 f6 19. Bxd5 Rxd5 20. Qxd5 cxd5 21. Rac1 fxe5 22. Bxa5 Qxc1 23. Rxc1+ Kd7 24. dxe5 Rh4 25. b3 Bb4 26. Bb6 Ke6 27. Kf2 Kxe5 28. Rc7 d4 29. Rxb7 d3 30. Rd7 Bd6 31. Ba5 Re4 32. Kf3 Re2 33. Rxg7 Bc5 34. Bc3+ Kf5 35. g4+ Kg5 36. h4+ Kxh4 37. Bf6+ 1-0

[Event "NED-chT 2122"]
[Site "Netherlands"]
[Date "2022.03.12"]
[Round "7.4"]
[White "Verstraeten, Reinaert"]
[Black "De Wit, Tex"]
[Result "1-0"]
[WhiteElo "2386"]
[BlackElo "2305"]
[PlyCount "65"]
[EventDate "2021.09.18"]
[EventType "team-tourn"]
[EventRounds "9"]
[EventCountry "NED"]
[SourceTitle "EXT 2023"]
[Source "ChessBase"]
[SourceDate "2022.10.05"]
[SourceVersion "1"]
[SourceVersionDate "2022.10.05"]
[SourceQuality "1"]
[WhiteTeam "Sas van Gent"]
[BlackTeam "Kennemer Combinatie"]
[WhiteTeamCountry "NED"]
[BlackTeamCountry "NED"]

1. d4 Nf6 2. c4 e6 3. Nf3 d5 4. g3 Bb4+ 5. Bd2 Be7 6. Bg2 0-0 7. 0-0 c6 8. Qc2 Nbd7 9. Rd1 b6 10. b3 Ba6 11. Bc1 Qc8 12. Bb2 Bb7 13. Nc3 Re8 14. Rac1 c5 15. cxd5 exd5 16. e3 Bf8 17. Ne1 cxd4 18. Rxd4 Bc5 19. Rdd1 Bb4 20. Nxd5 Bxd5 21. Bxd5 Nxd5 22. Rxd5 Bxe1 23. Qxc8 Rexc8 24. Rxe1 Nf8 25. Re2 Ne6 26. f3 h6 27. Kf2 Rc7 28. e4 g5 29. Ke3 Re8 30. h4 Rc5 31. Rxc5 Nxc5 32. hxg5 hxg5 33. Rh2 1-0

[Event "EU-chT 23rd"]
[Site "Terme Catez"]
[Date "2021.11.20"]
[Round "8.3"]
[White "Risteski, Emil"]
[Black "Verstraeten, Reinaert"]
[Result "1-0"]
[WhiteElo "2315"]
[BlackElo "2386"]
[PlyCount "61"]
[EventDate "2021.11.12"]
[EventType "team-swiss"]
[EventRounds "9"]
[EventCountry "SLO"]
[SourceTitle "CBM 205"]
[Source "ChessBase"]
[SourceDate "2021.12.31"]
[SourceVersion "1"]
[SourceVersionDate "2021.12.31"]
[SourceQuality "1"]
[WhiteTeam "North Macedonia"]
[BlackTeam "Belgium"]
[WhiteTeamCountry "MKD"]
[BlackTeamCountry "BEL"]

1. e4 c5 2. Nf3 d6 3. d4 Nf6 4. Nc3 cxd4 5. Nxd4 a6 6. h3 e5 7. Nb3 Be6 8. Be3 Be7 9. Qf3 Nbd7 10. g4 Nb6 11. g5 Nfd7 12. h4 Rc8 13. Bh3 Nc4 14. 0-0-0 Nxe3 15. fxe3 Rxc3 16. bxc3 a5 17. Bxe6 fxe6 18. Rhf1 Qc7 19. Qf7+ Kd8 20. Qxe6 a4 21. Rf7 Re8 22. Nd2 Qxc3 23. Qc4 Qa3+ 24. Kb1 Nc5 25. Qb5 Qxe3 26. Nc4 Qe2 27. Rxd6+ Bxd6 28. Qb6+ Kc8 29. Nxd6+ Kb8 30. Rxb7+ Nxb7 31. Qxb7# 1-0

[Event "BEL-ch"]
[Site "Bruges"]
[Date "2020.08.16"]
[Round "2"]
[White "Maerevoet, Sim"]
[Black "Verstraeten, Reinaert"]
[Result "1/2-1/2"]
[WhiteElo "2383"]
[BlackElo "2408"]
[PlyCount "149"]
[EventDate "2020.08.15"]
[EventType "tourn"]
[EventRounds "9"]
[EventCountry "BEL"]
[EventCategory "6"]
[SourceTitle "CBM 197 Extra"]
[Source "ChessBase"]
[SourceDate "2020.09.30"]
[SourceVersion "1"]
[SourceVersionDate "2020.09.30"]
[SourceQuality "1"]

1. e4 c5 2. Nf3 d6 3. d4 Nf6 4. Nc3 cxd4 5. Nxd4 a6 6. Be2 e5 7. Nb3 Be7 8. g4 Be6 9. g5 Nfd7 10. Bg4 Nb6 11. Bxe6 fxe6 12. Qh5+ g6 13. Qg4 Qd7 14. Be3 Nc4 15. 0-0-0 b6 16. h4 Nc6 17. Kb1 Nxe3 18. fxe3 0-0-0 19. Rd2 Kc7 20. Ne2 h5 21. Qh3 Rhf8 22. c4 Qc8 23. Rc1 Rf7 24. Nc3 Kb7 25. Qh1 Rdf8 26. Qe1 Nb8 27. Rdc2 Nd7 28. Qe2 Nc5 29. Nxc5+ Qxc5 30. Nd5 Rf2 31. Qxf2 Rxf2 32. Rxf2 exd5 33. cxd5 Qxe3 34. Rf7 Qxe4+ 35. Ka1 a5 36. Rxe7+ Ka6 37. Re6 Qxd5 38. Rxg6 e4 39. Rf6 e3 40. Rff1 Qe6 41. Rg1 d5 42. g6 d4 43. g7 Qg8 44. Rg3 d3 45. Rxe3 d2 46. Rd1 Qxg7 47. Re2 Qg4 48. Rexd2 Qxh4 49. a3 Qf4 50. Rd3 Qh2 51. R3d2 Qf4 52. Rc2 Qf3 53. Rcc1 a4 54. Rh1 b5 55. Rh4 Ka5 56. Rch1 Qd3 57. Rxh5 Qe4 58. Rc1 Qf3 59. Re5 Qd3 60. Ree1 Qf3 61. Red1 Qb3 62. Rd6 Qe3 63. Rcc6 Qg1+ 64. Ka2 Qg8+ 65. Re6 Qa8 66. Ka1 Qa7 67. Rg6 Qb7 68. Rge6 Qa7 69. Kb1 Qg1+ 70. Kc2 Qc5+ 71. Kb1 Qg1+ 72. Ka2 Qa7 73. Rf6 Qb7 74. Rc5 Qd5+ 75. Rxd5 1/2-1/2

[Event "BEL-ch"]
[Site "Bruges"]
[Date "2020.08.15"]
[Round "1"]
[White "Verstraeten, Reinaert"]
[Black "Dgebuadze, Alexandre"]
[Result "1/2-1/2"]
[WhiteElo "2408"]
[BlackElo "2482"]
[PlyCount "60"]
[EventDate "2020.08.15"]
[EventType "tourn"]
[EventRounds "9"]
[EventCountry "BEL"]
[EventCategory "6"]
[SourceTitle "CBM 197 Extra"]
[Source "ChessBase"]
[SourceDate "2020.09.30"]
[SourceVersion "1"]
[SourceVersionDate "2020.09.30"]
[SourceQuality "1"]

1. d4 d5 2. c4 c6 3. Nf3 e6 4. e3 f5 5. Bd3 Bd6 6. 0-0 Nh6 7. b3 0-0 8. Ba3 Bxa3 9. Nxa3 Nd7 10. b4 Qe7 11. Qb3 a6 12. Nc2 Nf7 13. cxd5 cxd5 14. Rfc1 g5 15. b5 g4 16. Nfe1 axb5 17. Bxb5 Nf6 18. Nb4 Nd6 19. Nbd3 Bd7 20. Bxd7 Qxd7 21. Nf4 Nc4 22. Ned3 Ne4 23. Rxc4 dxc4 24. Qxc4 Rfc8 25. Qb3 Rc3 26. Qb2 Rc7 27. f3 gxf3 28. gxf3 Ng5 29. Kh1 Qc6 30. d5 Qc2 1/2-1/2

[Event "El Prat de Llobregat op-A 1st"]
[Site "El Prat de Llobregat"]
[Date "2019.12.05"]
[Round "3"]
[White "Verstraeten, Reinaert"]
[Black "Iniyan, Panneerseluam"]
[Result "0-1"]
[WhiteElo "2365"]
[BlackElo "2497"]
[PlyCount "56"]
[EventDate "2019.12.03"]
[EventType "swiss"]
[EventRounds "9"]
[EventCountry "ESP"]
[SourceTitle "CBM 193 Extra"]
[Source "ChessBase"]
[SourceDate "2020.01.31"]
[SourceVersion "1"]
[SourceVersionDate "2020.01.31"]
[SourceQuality "1"]

1. d4 Nf6 2. c4 e6 3. Nf3 b6 4. g3 Ba6 5. b3 d5 6. cxd5 exd5 7. Bg2 Bb4+ 8. Bd2 Bd6 9. 0-0 Nbd7 10. Nc3 0-0 11. Nh4 Re8 12. Re1 Bb7 13. Nb5 Bf8 14. Bf4 c6 15. Nd6 Bxd6 16. Bxd6 Ne4 17. Ba3 Qf6 18. f3 Nc3 19. Qd3 Nxe2+ 20. Kf2 Qxd4+ 21. Qxd4 Nxd4 22. Bb2 Nc2 23. Rxe8+ Rxe8 24. Rd1 Ba6 25. Nf5 g6 26. Nh6+ Kf8 27. Rd2 Nc5 28. g4 Ne3 0-1

[Event "NED-chT 1920"]
[Site "Netherlands"]
[Date "2019.11.02"]
[Round "2.6"]
[White "Verstraeten, Reinaert"]
[Black "Janssen, Ruud"]
[Result "0-1"]
[WhiteElo "2382"]
[BlackElo "2522"]
[PlyCount "80"]
[EventDate "2019.09.28"]
[EventType "team-tourn"]
[EventRounds "9"]
[EventCountry "NED"]
[SourceTitle "CBM 193 Extra"]
[Source "ChessBase"]
[SourceDate "2020.01.31"]
[SourceVersion "1"]
[SourceVersionDate "2020.01.31"]
[SourceQuality "1"]
[WhiteTeam "Sas van Gent"]
[BlackTeam "BSG"]
[WhiteTeamCountry "NED"]
[BlackTeamCountry "NED"]

1. d4 Nf6 2. c4 e6 3. g3 c5 4. d5 exd5 5. cxd5 d6 6. Bg2 g6 7. Nc3 Bg7 8. Nf3 0-0 9. 0-0 Re8 10. Bf4 Bf5 11. Nh4 Bg4 12. Rc1 Nh5 13. Bd2 Qd7 14. Qc2 Na6 15. a3 Bh3 16. Rb1 Nc7 17. b4 Bxg2 18. Nxg2 cxb4 19. axb4 Rac8 20. Qd3 a6 21. Ne3 Qh3 22. Ne4 Nb5 23. Rbc1 Nf6 24. Nxf6+ Bxf6 25. Nc4 Re7 26. Bf4 Rec7 27. Nb6 Rxc1 28. Rxc1 Rxc1+ 29. Bxc1 h5 30. Qe4 Be5 31. Nc4 Nc3 32. Qd3 Qf5 33. Qxf5 gxf5 34. Bb2 Nxd5 35. Nxe5 dxe5 36. b5 e4 37. bxa6 bxa6 38. Kf1 Kf8 39. Ke1 Ke7 40. Kd2 Kd6 0-1

[Event "Kavala op 28th"]
[Site "Kavala"]
[Date "2019.08.09"]
[Round "7"]
[White "Alexakis, Dimitris"]
[Black "Verstraeten, Reinaert"]
[Result "1/2-1/2"]
[WhiteElo "2470"]
[BlackElo "2343"]
[PlyCount "132"]
[EventDate "2019.08.04"]
[EventType "swiss"]
[EventRounds "9"]
[EventCountry "GRE"]
[SourceTitle "CBM 191 Extra"]
[Source "ChessBase"]
[SourceDate "2019.09.30"]
[SourceVersion "1"]
[SourceVersionDate "2019.09.30"]
[SourceQuality "1"]

1. e4 c5 2. Nf3 d6 3. d4 Nf6 4. Bb5+ Nbd7 5. e5 cxd4 6. exf6 Qa5+ 7. c3 Qxb5 8. fxe7 Bxe7 9. Nxd4 Qd5 10. 0-0 0-0 11. Na3 a6 12. Nac2 Re8 13. Bf4 Bf8 14. Bg3 Nf6 15. Ne3 Qc5 16. Qd3 Bd7 17. Bh4 Ng4 18. Nxg4 Bxg4 19. f3 Bh5 20. Rfe1 Bg6 21. Qd2 d5 22. Re2 Rxe2 23. Qxe2 Qc4 24. Bf2 Bc5 25. Qd2 Bxd4 26. Bxd4 f6 27. b3 Qd3 28. Qxd3 Bxd3 29. Re1 Kf7 30. Bc5 Re8 31. Rd1 Bb5 32. a4 Bc6 33. Kf2 h5 34. h3 g5 35. Rd4 Kg6 36. Rb4 Rc8 37. Be3 b5 38. a5 Bb7 39. Bd2 Bc6 40. Rd4 Re8 41. Be3 Re6 42. Rd2 f5 43. g3 g4 44. hxg4 fxg4 45. fxg4 hxg4 46. Rd4 Re4 47. Rxe4 dxe4 48. Bf4 Kf5 49. Ke3 Ke6 50. Kd4 e3 51. Kc5 Kd7 52. Kb6 e2 53. Bd2 Bd5 54. Kxa6 Kc6 55. c4 bxc4 56. b4 c3 57. Bxc3 Bc4+ 58. Ka7 Kc7 59. Bd2 Bb5 60. Be1 Bc4 61. Bd2 Bb5 62. a6 Bc4 63. Bf4+ Kc6 64. Bd2 Kc7 65. Be1 Bb5 66. Bf2 Bc4 1/2-1/2

[Event "Paris-ch 94th"]
[Site "Paris"]
[Date "2019.07.11"]
[Round "6"]
[White "Lux, Hugo de Melo"]
[Black "Verstraeten, Reinaert"]
[Result "1-0"]
[WhiteElo "2231"]
[BlackElo "2376"]
[PlyCount "73"]
[EventDate "2019.07.07"]
[EventType "swiss"]
[EventRounds "9"]
[EventCountry "FRA"]
[SourceTitle "CBM 191 Extra"]
[Source "ChessBase"]
[SourceDate "2019.09.30"]
[SourceVersion "1"]
[SourceVersionDate "2019.09.30"]
[SourceQuality "1"]

1. e4 c5 2. Nc3 a6 3. g3 b5 4. Bg2 Bb7 5. a4 b4 6. Nd5 e6 7. Ne3 Nf6 8. d3 d5 9. exd5 exd5 10. Ne2 g6 11. 0-0 Bg7 12. Nf4 0-0 13. c4 bxc3 14. bxc3 a5 15. Qb3 Ra6 16. Rb1 Ba8 17. Ba3 Nbd7 18. Nfxd5 Nxd5 19. Nxd5 Re8 20. Rfe1 Ne5 21. Bxc5 Rae6 22. Be3 Ng4 23. Bd2 Ne5 24. d4 Nd7 25. Rxe6 Rxe6 26. Be3 Bf8 27. Qc4 Rd6 28. Bf4 Re6 29. Nc7 Rb6 30. Rxb6 Nxb6 31. Qb5 Bxg2 32. Kxg2 Nd7 33. Qxa5 Qe7 34. Qd5 Nf6 35. Qc6 Nh5 36. Be5 f6 37. Nd5 1-0

[Event "Paris-ch 94th"]
[Site "Paris"]
[Date "2019.07.08"]
[Round "3"]
[White "Verstraeten, Reinaert"]
[Black "Shchekachev, Andrei"]
[Result "0-1"]
[WhiteElo "2376"]
[BlackElo "2531"]
[PlyCount "106"]
[EventDate "2019.07.07"]
[EventType "swiss"]
[EventRounds "9"]
[EventCountry "FRA"]
[SourceTitle "CBM 191 Extra"]
[Source "ChessBase"]
[SourceDate "2019.09.30"]
[SourceVersion "1"]
[SourceVersionDate "2019.09.30"]
[SourceQuality "1"]

1. d4 g6 2. c4 Bg7 3. Nc3 c5 4. d5 d6 5. e4 e6 6. Bd3 Ne7 7. Nge2 0-0 8. 0-0 exd5 9. exd5 Nd7 10. Ng3 Ne5 11. f4 Nxd3 12. Qxd3 Nf5 13. Nge4 Nd4 14. b3 b5 15. cxb5 a6 16. b6 Qxb6 17. Kh1 a5 18. Qd2 Bf5 19. Bb2 a4 20. bxa4 Rfb8 21. Rf2 Bxe4 22. Nxe4 Rxa4 23. Ng3 Qa6 24. Bc3 h5 25. Re1 Qc4 26. f5 Nxf5 27. Nxf5 Qxc3 28. Ne7+ Kh8 29. Qxc3 Bxc3 30. Ref1 Kg7 31. Rxf7+ Kh6 32. h3 Re8 33. R1f2 Bd4 34. Re2 Be5 35. Nc6 c4 36. Nxe5 Rxe5 37. Rxe5 dxe5 38. d6 Rxa2 39. Re7 c3 40. Rc7 Rd2 41. Rxc3 Rxd6 42. h4 Kg7 43. Kh2 Kf6 44. Rf3+ Ke6 45. Kg3 Rd4 46. Rf8 Kd5 47. Kf3 Rxh4 48. Rd8+ Ke6 49. Re8+ Kf6 50. g3 Ra4 51. Rf8+ Kg5 52. Re8 Ra3+ 53. Kf2 Kg4 0-1

[Event "Paris-ch 94th"]
[Site "Paris"]
[Date "2019.07.07"]
[Round "2"]
[White "Doshi, Moksh Amitbhai"]
[Black "Verstraeten, Reinaert"]
[Result "1/2-1/2"]
[WhiteElo "2229"]
[BlackElo "2376"]
[PlyCount "28"]
[EventDate "2019.07.07"]
[EventType "swiss"]
[EventRounds "9"]
[EventCountry "FRA"]
[SourceTitle "CBM 191 Extra"]
[Source "ChessBase"]
[SourceDate "2019.09.30"]
[SourceVersion "1"]
[SourceVersionDate "2019.09.30"]
[SourceQuality "1"]

1. d4 Nf6 2. c4 e6 3. Nf3 d5 4. Nc3 a6 5. cxd5 exd5 6. Bg5 Be6 7. e3 Bd6 8. Qb3 Nbd7 9. Qxb7 0-0 10. Qb3 c5 11. Be2 Qa5 12. 0-0 Ne4 13. Qc2 Rab8 14. Bh4 cxd4 1/2-1/2

[Event "NED-chT 1819"]
[Site "Netherlands"]
[Date "2019.05.11"]
[Round "9.5"]
[White "Warmerdam, Max"]
[Black "Verstraeten, Reinaert"]
[Result "1-0"]
[WhiteElo "2420"]
[BlackElo "2356"]
[PlyCount "77"]
[EventDate "2018.09.15"]
[EventType "team-tourn"]
[EventRounds "9"]
[EventCountry "NED"]
[SourceTitle "CBM 189 Extra"]
[Source "ChessBase"]
[SourceDate "2019.06.03"]
[SourceVersion "1"]
[SourceVersionDate "2019.06.03"]
[SourceQuality "1"]
[WhiteTeam "Apeldoorn MuConsult"]
[BlackTeam "Sas van Gent"]
[WhiteTeamCountry "NED"]
[BlackTeamCountry "NED"]

1. e4 c5 2. Nf3 d6 3. Bb5+ Nd7 4. d4 Ngf6 5. Nc3 cxd4 6. Qxd4 e5 7. Qd3 h6 8. a4 a6 9. Bxd7+ Bxd7 10. Nd2 Be7 11. Nc4 0-0 12. a5 Be6 13. Nb6 Rb8 14. 0-0 Nd7 15. Ncd5 f5 16. exf5 Bxf5 17. Qb3 Kh8 18. Be3 Nxb6 19. Bxb6 Qd7 20. Rad1 Bd8 21. c4 Bxb6 22. Nxb6 Qe6 23. Qe3 Rbd8 24. Rd2 Rf6 25. Rfd1 Rg6 26. f3 Qe7 27. c5 e4 28. Nc4 Rf8 29. Nxd6 Qh4 30. Nxe4 Re8 31. Nf6 Rf8 32. Nd5 Be6 33. Qe4 Qg5 34. g3 Kh7 35. b4 Bf5 36. Qe3 Qh5 37. Nf4 Qg5 38. Kf2 Rgf6 39. h4 1-0

[Event "NED-chT 1819"]
[Site "Netherlands"]
[Date "2018.11.24"]
[Round "4.9"]
[White "Verstraeten, Reinaert"]
[Black "Haast, Mark"]
[Result "1-0"]
[WhiteElo "2356"]
[BlackElo "2354"]
[PlyCount "55"]
[EventDate "2018.09.15"]
[EventType "team-tourn"]
[EventRounds "9"]
[EventCountry "NED"]
[SourceTitle "CBM 187 Extra"]
[Source "ChessBase"]
[SourceDate "2018.11.04"]
[SourceVersion "1"]
[SourceVersionDate "2018.11.04"]
[SourceQuality "1"]
[WhiteTeam "Sas van Gent"]
[BlackTeam "De Stukkenjagers"]
[WhiteTeamCountry "NED"]
[BlackTeamCountry "NED"]

1. Nf3 Nf6 2. c4 e6 3. g3 d5 4. d4 Bb4+ 5. Bd2 Be7 6. Bg2 c6 7. 0-0 Nbd7 8. Qc2 b6 9. Nc3 Bb7 10. e4 dxe4 11. Nxe4 c5 12. Nxf6+ Bxf6 13. d5 exd5 14. Rfe1+ Kf8 15. cxd5 h6 16. Rad1 g6 17. h4 Kg7 18. h5 Re8 19. hxg6 fxg6 20. Re6 Kh7 21. Bc3 Rg8 22. Bxf6 Nxf6 23. Ne5 Rg7 24. d6 Bxg2 25. Kxg2 Qf8 26. d7 Rd8 27. Rdd6 Nh5 28. Nxg6 1-0

[Event "NED-chT 1819"]
[Site "Netherlands"]
[Date "2018.10.06"]
[Round "2.1"]
[White "Braun, Christian1111"]
[Black "Verstraeten, Reinaert"]
[Result "1/2-1/2"]
[WhiteElo "2397"]
[BlackElo "2356"]
[PlyCount "51"]
[EventDate "2018.09.15"]
[EventType "team-tourn"]
[EventRounds "9"]
[EventCountry "NED"]
[SourceTitle "CBM 187 Extra"]
[Source "ChessBase"]
[SourceDate "2018.11.04"]
[SourceVersion "1"]
[SourceVersionDate "2018.11.04"]
[SourceQuality "1"]
[WhiteTeam "Zuid Limburg"]
[BlackTeam "Sas van Gent"]
[WhiteTeamCountry "NED"]
[BlackTeamCountry "NED"]

1. e4 c5 2. Nf3 d6 3. d4 Nf6 4. Nc3 cxd4 5. Nxd4 a6 6. g3 e5 7. Nde2 Be7 8. Bg2 Qc7 9. a4 0-0 10. 0-0 Be6 11. a5 Nc6 12. Bd2 Nxa5 13. Nd5 Bxd5 14. Bxa5 b6 15. exd5 bxa5 16. Ra3 Nd7 17. Qd2 Rfb8 18. b3 Bd8 19. Ra4 Nb6 20. Ra2 a4 21. bxa4 Nc4 22. Qd3 Rb2 23. Rfa1 Rxa2 24. Rxa2 Rb8 25. Ra1 Qc5 26. Nc3 1/2-1/2